Financovanie základných škôl v SR diplomová práca

Uložené v:
Podrobná bibliografia
Hlavný autor: Bátorová, Alena
Korporativný autor: Národohospodárska fakulta EU. Katedra financií
Ďalší autori: Beňová, Elena
Médium: Kniha
Jazyk:Slovak
Vydavateľské údaje: Bratislava 2009
Tagy: Pridať tag
Žiadne tagy, Buďte prvý, kto otaguje tento záznam!

MARC

LEADER 00000nam$a2200000$$$4500
001 0096539
005 20240318141320.0
041 0 |a slo 
044 |a SK 
245 1 0 |a Financovanie základných škôl v SR  |b diplomová práca  |c Alena Bátorová ; škol. Elena Beňová 
264 1 |a Bratislava  |c 2009 
300 |a 78 s. 
100 1 |a Bátorová, Alena 
700 1 |a Beňová, Elena 
710 2 |a Národohospodárska fakulta EU. Katedra financií